Statistiques concernant Transfers les plus importants / Football

Cliquez ici pour prendre le quiz!

Statistiques générales

  • Ce quiz a été pris 271 fois
  • Le résultat moyen est 18 sur 21

Statistiques - réponses

Club d'origineClub d'arrivéeMontant (en Millions d'Euros)Joueur% Correct
MonacoPSG180Kylian Mbappe
100%
FC BarcelonePSG222Neymar Jr
100%
Santos FCFC Barcelona88Neymar Jr
100%
Real MadridJuventus117Cristiano Ronaldo
97%
Manchester UnitedReal Madrid96Cristiano Ronaldo
97%
Atletico MadridFC Barcelone120Antoine Griezzman
96%
TottenhamReal Madrid101Gareth Bale
90%
Borussia DortmundFC Barcelone125Ousmane Dembélé
90%
JuventusManchester United105Paul Pogba
90%
LiverpoolFC Barcelone145Philippe Coutinho
90%
BenficaAtletico Madrid126Joao Felix
89%
ChelseaReal Madrid100Eden Hazard
84%
AjaxJuventus85Mathijs de Ligt
82%
LOSC LilleArsenal80Nicolas Pépé
81%
LeicesterManchester United87Harry Maguire
77%
SouthamptonLiverpool84,6Virgil Van Dijk
76%
NaplesJuventus90Gonzalo Higuain
67%
Atletico MadridBayern Munich80Lucas Hernandez
67%
LiverpoolFC Barcelone81,7Luis Suarez
67%
Athletic BilbaoChelsea80Kepa
63%
EvertonManchester United84,7Romelu Lukaku
51%

Distribution des résultats

Percentile par nombre de réponses

% des personnes avec chaque résultat

Votre développement - résultats

Vous n’avez pas pris ce quiz